Métodos fundamentales de economía matemática / (Record no. 51592)

MARC details
000 -LEADER
campo de control de longitud fija 00759nam a2200217 i 4500
001 - NÚMERO DE CONTROL
campo de control 51592
003 - IDENTIFICADOR DE NÚMERO DE CONTROL
campo de control ES-MaACL
005 - FECHA Y HORA DE LA ÚLTIMA TRANSACCIÓN
campo de control 20230906162407.0
007 - CAMPO FIJO DE DESCRIPCIÓN FÍSICA--INFORMACIÓN GENERAL
campo de control de longitud fija t|
008 - DATOS DE LONGITUD FIJA--INFORMACIÓN GENERAL
campo de control de longitud fija 030814s1987 sp ||||1| spa d
020 ## - NÚMERO INTERNACIONAL ESTÁNDAR DEL LIBRO
Número Internacional Estándar del Libro 84-7615-176-4
100 1# - ENTRADA PRINCIPAL--NOMBRE DE PERSONA
Nombre de persona Chiang, Alpha C.
9 (RLIN) 38454
245 10 - MENCIÓN DEL TÍTULO
Título Métodos fundamentales de economía matemática /
Mención de responsabilidad, etc. Alpha C. Chiang ; traducción, Francisco Muñoz Murgui, Ramón Sala Garrido ; revisión técnica, José Miguel Ponce Núñez.
250 ## - MENCION DE EDICION
Mención de edición 3ª ed.
260 ## - PUBLICACIÓN, DISTRIBUCIÓN, ETC.
Lugar de publicación, distribución, etc. Madrid :
Nombre del editor, distribuidor, etc. McGraw-Hill,
Fecha de publicación, distribución, etc. [1987]
300 ## - DESCRIPCIÓN FÍSICA
Extensión XVI, 805 p. ;
Dimensiones 23 cm.
700 1# - ENTRADA AGREGADA--NOMBRE PERSONAL
Nombre de persona Muñoz Murgui, Francisco.
9 (RLIN) 84467
700 1# - ENTRADA AGREGADA--NOMBRE PERSONAL
Nombre de persona Sala Garrido, Ramón.
9 (RLIN) 101664
700 1# - ENTRADA AGREGADA--NOMBRE PERSONAL
Nombre de persona Ponce Núñez, José Miguel.
9 (RLIN) 92956
852 ## - LOCALIZACIÓN
Ubicación ES-MaACL
Número de control de estantería L-13232
Sublocalización o colección R.116156
Holdings
Estatus retirado Estado de pérdida Estado de daño No para préstamo Biblioteca de origen Biblioteca actual Ubicación en estantería Fecha de adquisición Fuente de adquisición Total de préstamos Signatura topográfica completa Código de barras Visto por última vez Precio de reemplazo Tipo de ítem Koha
        Biblioteca del Ateneo de Madrid Biblioteca del Ateneo de Madrid Depósito 2 17/01/2008     L-13232 1054257 23/02/2023 23/02/2023 Libro impreso